000 00387nam a22001337a 4500
082 _aP-239
100 _aTariq Farooq
_947952
245 _aAnalytical Study and Design of Pile Foudation for Bridge no 4 Near Kohat Tunnel Project
_cNayyer
260 _aMCE Risalpur
_c23-04-2003
526 _a0
_b0
_c0
_dP_239
650 _aProject
700 _aDr Noor Ul Ameen
_947953
942 _2ddc
_cBK
999 _c551024
_d551024